000 01641cam a2200205 a 4500
999 _c39129
_d39129
020 _a9781845456245
020 _a1845456246
082 0 0 _a303.6
_bREM-
245 0 0 _aRemembering violence :
_banthropological perspectives on intergenerational transmission /
_cedited by Nicolas Argenti and Katharina Schramm.
260 _aNew York :
_bBerghahn Books,
_c2010.
300 _a270p.:
_bill.
504 _aIncludes bibliographical references and index.
520 _aPsychologists have done a great deal of research on the effects of trauma on the individual, revealing the paradox that violent experiences are often secreted away beyond easy accessibility, becoming impossible to verbalize explicitly. However, comparatively little research has been done on the transgenerational effects of trauma and the means by which experiences are transmitted from person to person across time to become intrinsic parts of the social fabric. With eight contributions covering Africa, Central and South America, China, Europe, and the Middle East, this volume sheds new light on the role of memory in constructing popular histories – or historiographies – of violence in the absence of, or in contradistinction to, authoritative written histories. It brings new ethnographic data to light and presents a truly cross-cultural range of case studies that will greatly enhance the discussion of memory and violence across disciplines.
650 0 _aViolence.
650 0 _aIntergenerational communication.
650 0 _aMemory.
_vEthnopsychology.
700 1 _aArgenti, Nicolas.
_eeditor.
700 1 _aSchramm, Katharina.
_eeditor.
942 _2ddc
_cBK